| 000 | 00517nam a2200145 a 4500 | ||
|---|---|---|---|
| 008 | 120416s1984 ||||||||||||||||| || u | ||
| 050 | _aTA 684 Cro | ||
| 100 | _aPurkiss, J. A | ||
| 245 | 1 | 0 | _aElementary structural design of steelwork to BS 449 |
| 260 |
_aLondon _bEdward Arnold _c1984 |
||
| 300 | _axv, 407p. : ill. | ||
| 350 | _a0.00 | ||
| 700 | _aCroxton, P. C. L | ||
| 995 |
_D0.00 _FCBU-MAIN LIBRARY (Kitwe) _H1 _I14.50 _M1 _UDAMAGED _ZMain Library Open Access Collection |
||
| 999 |
_c41636 _d41636 |
||